000 00635nam a22002177i 4500
999 _c172614
_d172614
005 20190520093739.0
008 190520s2017 ii a|||e |||| 00| f tam d
020 _cRM69.00
_qpaperback
040 _aPPAK
_beng
_cPPAK
_erda
082 0 4 _223
_a894.8113
090 0 0 _a894.8113
_bNEN
_dG
245 0 0 _aNengil Uraitha Thadal =
_bPencarian Cintaku
246 1 1 _aPencarian Cintaku
264 1 _aChennai, India :
_bNagammai Nilayam,
_c2017
300 _a528 pages :
_billustrations ;
_c18 cm
336 _2rdacontent
_atext
337 _2rdamedia
_aunmediated
338 _2rdacarrier
_avolume
650 1 0 _aTamil fiction
942 _2ddc
_cB